000 00482nam a2200181 i 4500
001 72294
003 ES-MaACL
005 20240502063042.0
007 t|
008 040830s1970 sp ||||1| cat d
100 0 _aGimferrer, Pere,
_d1945-
_957102
245 1 4 _aEls miralls /
_cPere Gimferrer.
250 _a[1ยช ed.].
260 _aBarcelona :
_bEdicions 62,
_c[1970]
300 _a54 p. ;
_c17 cm.
852 _aES-MaACL
_jC-42013
_bR.76145
999 _c72294
_d72294